The Culture of Secrecy : (Record no. 608062)

MARC details
000 -LEADER
fixed length control field 00489nam a2200193 a 4500
008 - FIXED-LENGTH DATA ELEMENTS--GENERAL INFORMATION
fixed length control field 260109s1998##################000#0#eng##
020 ## - INTERNATIONAL STANDARD BOOK NUMBER
ISBN 9780198203070
082 04 - DEWEY DECIMAL CLASSIFICATION NUMBER
Classification number 302.2
Item number VIN
100 1# - MAIN ENTRY--AUTHOR NAME
Personal name Vincent, David,
245 10 - TITLE STATEMENT
Title The Culture of Secrecy :
260 ## - PUBLICATION, DISTRIBUTION, ETC. (IMPRINT)
Name of publisher Clarendon Press,
Year of publication 1998.
300 ## - PHYSICAL DESCRIPTION
Number of Pages 386 pages
650 #0 - SUBJECT ADDED ENTRY--TOPICAL TERM
Topical Term History.
942 ## - ADDED ENTRY ELEMENTS (KOHA)
Koha item type English Books
Holdings
Withdrawn status Lost status Damaged status Not for loan Home library Current library Shelving location Date acquired Full call number Accession Number Price effective from Koha item type
        Anna Centenary Library Anna Centenary Library 3RD FLOOR, B WING 10.01.2026 302.2 VIN 189810 10.01.2026 English Books

Find us on the map